Hodnotenie ekonomických zdrojov podniku s nižšou mierou likvidnosti bakalárska práca

Salvato in:
Dettagli Bibliografici
Autore principale: Gažovičová, Lucia
Ente Autore: Fakulta podnikového manažmentu EU. Katedra podnikových financií
Altri autori: Tóthová, Alena, 1968-
Natura: Libro
Lingua:slovacco
Pubblicazione: Bratislava 2023
Tags: Aggiungi Tag
Nessun Tag, puoi essere il primo ad aggiungerne!!

MARC

LEADER 00000nbm a2200000 4500
001 0293313
005 20240307085450.2
041 0 |a slo 
044 |a SK 
245 1 0 |a Hodnotenie ekonomických zdrojov podniku s nižšou mierou likvidnosti  |b bakalárska práca  |c Lucia Gažovičová ; školiteľ: Alena Tóthová 
264 1 |a Bratislava  |c 2023 
300 |a 56 s. 
100 1 |a Gažovičová, Lucia 
700 1 |a Tóthová, Alena, 1968- 
710 2 |a Fakulta podnikového manažmentu EU. Katedra podnikových financií